Difficult Vietnam War Quiz - Statistics

General Stats
  • This quiz has been taken 88 times
  • The average score is 3 of 10
Answer Stats
Hint Answer % Correct
Which country took control of Vietnam during WWII? Japan
81%
How many countries attended the Geneva Accords on 21st July 1954? 9
68%
In which year did North Vietnam start sending troops and weapons into the South using the Ho Chi Minh trail in support of the VC? 1959
63%
Who did the National Liberation Front encourage the Vietnamese villages to help? The Vietcong
34%
Where were the Viet Minh the strongest in? The North
30%
In the battle of Dien Bien Phu, how many days did it take for the Viet Minh to defeat the French 55
25%
Who ran the South but was soon replaced by Ngo Dinh Diem? Bao Dai
23%
What did President Eisenhower set up to stop the spread of communism across Southeast Asia SEATO
10%
What bombs did Operation Rolling Thunder? pineapple
1%
How much aid did China send to South Vietnam, using the Ho Chi Minh trail? $100 million
0%
No matching quizzes found
Score Distribution
Percent of People with Each Score
Percentile by Number Answered
Your Score History
You have not taken this quiz